| 000 | 00684nam a22002057a 4500 | ||
|---|---|---|---|
| 005 | 20160805110140.0 | ||
| 010 | _aENG-115603 | ||
| 020 |
_a9789351436379 _c3995.00 |
||
| 035 | _aEN-99135 | ||
| 037 | _bDBAD/PUB | ||
| 082 | _a348.54022 | ||
| 100 | _aGuru Prasanna Singh | ||
| 245 |
_aPrinciples of statutory interpretation : _cby Guru Prasanna Singh _bincluding the general clauses act,1987 with notes / |
||
| 250 | _a14th ed. | ||
| 260 |
_aGurgaon _bLexisNexis _c2016 |
||
| 270 |
_a14th Floor,Building No-10,Tower-B,DLF Cyber City, Phase-II _bGurgaon _e122002 |
||
| 300 |
_acccIi,1312p. _c25cm(Hb) |
||
| 500 | _aIncludes index | ||
| 942 |
_2ddc _cEN _h348.54022 |
||
| 999 |
_c101684 _d101684 |
||